00646 2200205 4500001002100000005001500021035002000036007000300056008004100059020001800100082001100118084001700129100002500146245004000171260003100211500015100242650002200393856001700415990000800432INLIS00000000000024320220316064157 a0010-0322000041ta220316 g 0 ind  a9786022410805 a297.63 a297.63 MOK s0 aMokh. Syaiful Bakhri1 aSukses Berbisnis ala Rasulullah SAW aJakarta :bErlangga,c2012 aUpaya Mengenalkan sosok Rasulullah SAW sebagai seorang pengusaha sukses sekaligus menampilkan tuntunan beliau dalam bidang bisnis dan perdagangan. 4aNabi Muhammad SAW aKoleksi Umum a405